00231nam a2200097 4500020001500000082002200015100001800037245003200055260003800087300000800125 a0471996122 a547.2 WARb007599 aWarren Stuart aDESigning Organic Syntheses aNew YorkbJohn Wiley & Sonsc1978 a285